| 000 | 01613cam a2200373 i 4500 | ||
|---|---|---|---|
| 999 |
_c1438 _d1438 |
||
| 001 | 20172190 | ||
| 003 | OSt | ||
| 005 | 20221229150329.0 | ||
| 008 | 171207s2018 onca j b 001 0 eng c | ||
| 010 | _a 2017057532 | ||
| 020 | _a9780778742531 (pbk. : alk. paper) | ||
| 040 |
_aNJQ/DLC _beng _cNJQ _erda _dDLC _dKH8 |
||
| 042 | _apcc | ||
| 082 | 0 | 4 |
_a531.6 SPI _223 |
| 100 | 1 |
_aSpilsbury, Richard, _d1963- _eauthor. |
|
| 245 | 1 | 0 |
_aInvestigating forces and motion / _cRichard Spilsbury. |
| 264 | 1 |
_aSt. Catharines, Ontario ; _aNew York, New York : _bCrabtree Publishing Company, _c[2018] |
|
| 300 |
_a32 pages : _bcolor illustrations ; _c26 cm. |
||
| 336 |
_atext _2rdacontent |
||
| 337 |
_aunmediated _2rdamedia |
||
| 338 |
_avolume _2rdacarrier |
||
| 490 | 0 | _aInvestigating science challenges | |
| 504 | _aIncludes bibliographical references and index. | ||
| 520 |
_a"Budding scientists will love learning about the properties of forces and motion by planning and carrying out investigations that explore concepts including friction, speed, and gravity."-- _cProvided by publisher. |
||
| 521 | 1 | _aAges 8-11. | |
| 521 | 2 | _aGrades 4 to 6. | |
| 650 | 0 |
_aForce and energy _vJuvenile literature. |
|
| 650 | 0 |
_aMotion _vJuvenile literature. |
|
| 650 | 0 |
_aPhysics _vJuvenile literature. |
|
| 776 | 0 | 8 |
_iOnline version: _aSpilsbury, Richard, 1963- author. _tInvestigating forces and motion _dNew York, New York : Crabtree Publishing, [2018] _z9781427120090 _w(DLC) 2017059304 |
| 906 |
_a7 _bcbc _corignew _d1 _eecip _f20 _gy-gencatlg |
||
| 942 |
_2ddc _cNFIC |
||